| 000 | 01163nam a2200301 i 4500 | ||
|---|---|---|---|
| 003 | EG-GICUC | ||
| 005 | 20260512123239.0 | ||
| 008 | 260512s1969 fr ||||fr|||| 00| 0 fre d | ||
| 040 |
_aEG-GiCUC _bfre _cEG-GiCUC _dEG-GiCUC _eRda |
||
| 082 | 0 | 4 |
_221 _a345.23 _bDA . E |
| 092 | 0 | 4 | _221 |
| 099 | _aLaw1 07 345.23 DA . E 1969 | ||
| 100 | 1 |
_aDawson, George _eAuteur |
|
| 245 | 1 | 3 |
_aL'évolution Des Structures De L'administration Locale Déconcentrée en France : _bL'exemple Du Département Du Pas-de-calais Et De La Région Du Nord / _cGeorge Dawson ; Roland Drago. _n |
| 264 | 1 |
_aParis : _bLibrairie Générale De Droit Et De Jurisprudence R. Pichon Et R. Durand-auzias, _c1969. |
|
| 300 |
_a567page : _billustration ; _c 24 cm. |
||
| 336 |
_2rda contenu _a texte |
||
| 337 |
_2rda medias _aOrdinateur |
||
| 338 |
_2 transporteur rda _a Ressource en ligne |
||
| 504 | _aBibliography: pages 200-250. 240-220 | ||
| 546 | _aTexte en français | ||
| 650 | 1 | 4 |
_aDroit administratif _2 |
| 651 | 1 | _2 | |
| 700 | 1 |
_aDrago, Roland _ePréfacier |
|
| 856 | 4 | 0 | _uhttps://fll.law.cu.edu.eg/fulltext/bks/B07-05221.pdf |
| 905 | _a50 | ||
| 942 |
_2ddc _cBK _e21 _n0 |
||
| 999 |
_c76663 _d76663 |
||